| 000 | 00515ntaaa2200193 4500 | ||
|---|---|---|---|
| 003 | 01 | ||
| 005 | 20251027202057.0 | ||
| 008 | 0714s1973 ag 01 | ||
| 040 |
_aAR-BaBN _bspa _cAR-BaBN _eaacr _dRIC |
||
| 082 | _a252.0000 M12 | ||
| 100 |
_aMacartney, H.B. _919330 |
||
| 245 | _aFor their sakes I sanctify myself | ||
| 250 | _a1 ed. | ||
| 260 |
_aLondon : _bJohn F. Shaw Co, _cc1895 |
||
| 300 | _a195 p | ||
| 500 | _aSermons and addresses.Ejemplar dedicado por el autor | ||
| 650 |
_asermones _9362 |
||
| 942 | _cBK | ||
| 999 |
_c15620 _d15620 |
||